Friends - Statistiques

Statistiques générales
  • Ce quiz a été pris 1 163 fois
  • Le résultat moyen est 12 sur 15
Statistiques - réponses
Question Réponse % Correct
Comment s’appelle le singe de Ross? Marcel
99%
Après son mariages foireux,Ross essaya de reconquérir sa femme Emily. Au début, Emily voulait que Ross vienne emménager en Angleterre. Du coup Ross convint Émily de la faire venir au Etats-Unis. Mais quelle est l’autre condition? De ne plus voir son amie Rachel
97%
Dans l’épisode 1 de la saison 5, où Ross se marie, quelle est la personne a-t-il nomme durant la cérémonie? Rachel
96%
Quel était le nom d’un des petit copain de Monica et qui ne voulait pas d’enfant? Dr. Richard Burke
94%
DANS LA SAISON 5, EPISODE 8, LES 6 AMIS SE RACONTENT LES FLASHBACKS DES FÊTES DE THANKSGIVING, QU'EST-CE QUE CHANDLER A-T-IL PERDU? SON POUCE D'UN ORTEIL
89%
DANS LA SAISON 7 EPISODE 4, QUEL EST LE NOM DU JEUNE ASSISTANT QUE RACHEL A ENGAGÉ ? TAG JONES
86%
DANS LA SAISON 9, DANS QUELLE ÎLE PARADISIAQUE ROSS A-T-IL ÉTÉ SÉLECTIONNÉ POUR FAIRE UNE CONFÉRENCE?u BARBADES
83%
Dans la saison 3, Pete Becker ( le copain de Monica) voudrait faire une chose incroyable. Laquelle ? Être champion d’Ultimate Fighting (UFC)
80%
DANS LA SAISON 7 ÉPISODE 10, EN QUOI JOEY EST-IL DEGUISÉ POUR REPRESENTER HANUKKAH? SUPERMAN
80%
Dans la saison 5 épisode 6 , comment s’appelait le yeti Danny
77%
Dans la saison 2, l’épisode 5, quel groupe de musique Ross avait-il été invité à aller voir? Hootie & The Blowfish
71%
COMBIEN DE BÉBÉS SONT-ILS NÉS DANS LA SÉRIE ? 7
68%
Quel groupe interprète le générique de La série? The Rembrandts
62%
DANS LA SAISON 5, EPISODES11, pendant le nouvel an, nos amis font chacun des résolutions. Quelle la résolution de Rachel? De faire du commérage
53%
Dans la saison 5, Épisode 7, au début d’une scène de crémaillère, il y a une musique, c’est laquelle? Smash Mouth - Every word means no
35%
Aucun quiz correspondant
Distribution des résultats
% des personnes avec chaque résultat
Percentile par nombre de réponses
Votre historique - résultats
Vous n’avez pas pris ce quiz